000
00330pab a2200145 454500
008
180718b1998 xxu||||| |||| 00| 0 eng d
100
_a
Singh, Ajay
245
_a
Self-reliance in Indian defence
260
_c
1998
300
_a
p.339-49
362
_a
Jun
650
_a
Defence
773
_a
Strategic Analysis
909
_a
37884
999
_c
37884
_d
37884